Trang trại ma quái Truyện không đọc lúc nửa đêm
v.v...
Đã lưu trong:
| Tác giả chính: | |
|---|---|
| Định dạng: | Sách |
| Năm xuất bản: |
Thanh Hóa
Nxb Thanh Hóa
2008
|
| Chủ đề: | |
| Tags: |
Thêm thẻ
Không có thẻ, Hãy là người đầu tiên gắn thẻ bản ghi này!
|
| LEADER | 01068nam a2200193 4500 | ||
|---|---|---|---|
| 082 | |a 895.922334 |b TH102B | ||
| 100 | |a Thạch Bất Hoại | ||
| 245 | |a Trang trại ma quái |c Thạch Bất Hoại |b Truyện không đọc lúc nửa đêm | ||
| 260 | |a Thanh Hóa |b Nxb Thanh Hóa |c 2008 | ||
| 300 | |a 142 tr. |c 21 cm. | ||
| 520 | |a v.v... | ||
| 653 | |a Văn học hiện đại | ||
| 653 | |a Việt Nam | ||
| 653 | |a Truyện kinh dị | ||
| 942 | |2 ddc |c STK0 | ||
| 999 | |c 2824 |d 2824 | ||
| 952 | |0 0 |1 0 |2 ddc |4 0 |6 895_922334000000000_TH102B |7 1 |8 800 |9 33425 |a qbu |b qbu |c D5 |d 2014-12-15 |g 30000 |l 1 |o 895.922334 TH102B |p 989.c1 |r 2015-04-24 |s 2015-04-17 |w 2014-12-15 |y STK0 |0 0 |6 895_922334000000000_TH102B | ||
| 952 | |0 0 |1 0 |2 ddc |4 0 |6 895_922334000000000_TH102B |7 0 |8 800 |9 33426 |a qbu |b qbu |c D5 |d 2014-12-15 |g 30000 |l 2 |o 895.922334 TH102B |p 989.c2 |r 2016-04-15 |s 2016-04-12 |w 2014-12-15 |y STK0 |0 0 |6 895_922334000000000_TH102B | ||
| 952 | |0 0 |1 0 |2 ddc |4 0 |6 895_922334000000000_TH102B |7 0 |8 800 |9 33427 |a qbu |b qbu |c D5 |d 2014-12-15 |g 30000 |o 895.922334 TH102B |p 989.c3 |r 0000-00-00 |w 2014-12-15 |y STK0 |0 0 |6 895_922334000000000_TH102B | ||